Statistics for Geography A-Z #7

Click here to take the quiz!

General Stats

  • This quiz has been taken 2,408 times
    (2,397 since last reset)
  • The average score is 15 of 26

Answer Stats

HintAnswer% Correct
NMonster's lochNess
95%
KNew ZealanderKiwi
92%
IAndorra, Spain and PortugalIberia
86%
PVallarta or RicoPuerto
82%
SIsland north of MaltaSicily
82%
GSoviet prison campGulag
80%
YWalled English cityYork
79%
JTropical forestJungle
67%
WHonolulu beachWaikiki
67%
RStyx, for oneRiver
64%
DHindu festival of lightsDiwali
63%
ETokyo, formerlyEdo
63%
ZVictoria Falls riverZambezi
57%
OPearl of the Black SeaOdessa
53%
FCapital city in AfricaFreetown
51%
TLanguage of ประเทศไทยThai
51%
QPhilippines' former capital{Quezon} City
46%
UCoastless Italian regionUmbria
41%
VIt borders QuebecVermont
41%
BBeethoven's birth cityBonn
39%
HIsland south of Tsugaru straitHonshu
36%
CWide straitChannel
32%
M1956 summer Olympics cityMelbourne
31%
ANahuatl speakerAztec
27%
LSan Francisco zigzag streetLombard
26%
XCapital of Veracruz, Mexico{Xal}apa
7%

Score Distribution

Percentile by Number Answered

Percent of People with Each Score

Your Score History

You have not taken this quiz since the last reset